<?xml version="1.0" encoding="UTF-8"?>
<collection xmlns="http://www.loc.gov/MARC21/slim">
 <record>
  <leader>00440pamaa2200157   4500</leader>
  <controlfield tag="001">0000013511</controlfield>
  <controlfield tag="005">20060623090000.0</controlfield>
  <datafield tag="020" ind1="0" ind2="0">
   <subfield code="a">0749422726 </subfield>
  </datafield>
  <datafield tag="082" ind1=" " ind2=" ">
   <subfield code="a">658.848 BEN</subfield>
  </datafield>
  <datafield tag="090" ind1="0" ind2="0">
   <subfield code="a">HF1416 </subfield>
   <subfield code="b">BEN 1998</subfield>
  </datafield>
  <datafield tag="100" ind1="1" ind2="0">
   <subfield code="a">BENNETT </subfield>
  </datafield>
  <datafield tag="245" ind1="1" ind2="0">
   <subfield code="a">International marketing : </subfield>
   <subfield code="b">strategy, planning, market entry &amp; implementation  </subfield>
   <subfield code="c">Roger Bennett.</subfield>
  </datafield>
  <datafield tag="250" ind1="0" ind2="0">
   <subfield code="a">2nd ed.</subfield>
  </datafield>
  <datafield tag="260" ind1="0" ind2="0">
   <subfield code="a">London: </subfield>
   <subfield code="b">Kogan Page, </subfield>
   <subfield code="c">1998.</subfield>
  </datafield>
  <datafield tag="300" ind1=" " ind2=" ">
   <subfield code="a">384p.: </subfield>
   <subfield code="b">24cm.</subfield>
  </datafield>
  <datafield tag="650" ind1="0" ind2="0">
   <subfield code="a">Export marketing </subfield>
  </datafield>
 </record>
</collection>
